| 000 | 00668nam a22002417a 4500 | ||
|---|---|---|---|
| 003 | OSt | ||
| 005 | 20180116183002.0 | ||
| 008 | 150414b xxu||||| |||| 00| 0 eng d | ||
| 020 | _a9781741756906 | ||
| 022 | _a9781741756906 | ||
| 040 | _c0 | ||
| 050 | _a338.040994 | ||
| 082 | _a338.040994 | ||
| 100 | _aGolis,Christopher C. | ||
| 245 |
_aEnterprise and Venture Capital. _bA Business Builder's and Investor's Handbook. _cChristopher C.Golis |
||
| 250 | _a5th. | ||
| 260 |
_aAustralia _bALLEN & UNWIN _c2010 |
||
| 300 | _a304p. | ||
| 500 | _aPaper Cover | ||
| 600 | _aGolis,Christopher C. | ||
| 700 | _aGolis,Christopher C. | ||
| 942 |
_2ddc _cBK _k338.040994 |
||
| 999 |
_c349912 _d349912 |
||